| 000 | 00948nam a22002657a 4500 | ||
|---|---|---|---|
| 001 | BR9402373 | ||
| 003 | BR-BrBNA | ||
| 005 | 20230928094004.0 | ||
| 007 | ta | ||
| 008 | 230509b bl.||||| |||| 00| 0 por d | ||
| 040 |
_aBR-BrBNA _bpor _cBiblioteca Nacional de Agricultura |
||
| 041 | _a(Por) | ||
| 072 |
_aL20 _b7110 |
||
| 090 | _ 7110 BR9402373 | ||
| 100 | 1 | _aCortopassi-Laurino, M. | |
| 110 | 1 |
_aUniversidade de Sao Paulo, Sao Paulo (Brasil). Inst. de Biociencias _0Tese (Doutor em Ciencias) _910539 |
|
| 245 | 1 | _aDivisao de recursos troficos entre abelhas sociais principalmente em Apis mellifera Linne e Trigona (Trigona)spinipes Fabricius (Apidae, Hymenoptera) | |
| 260 | 3 |
_aSao Paulo, SP (Brasil): _c1982. |
|
| 300 | _a180 p. | ||
| 500 | _a15 graphs; 34 tables; Bibliography p. 76-87 (102 ref.); Summaries (Eng, Por) | ||
| 650 | _aAbelha | ||
| 650 | _aComportamento Animal | ||
| 909 |
_a202309 _bLucia _c55 _dLucia Elande |
||
| 942 | _cBK | ||
| 999 |
_c48305 _d48305 |
||